[Event "Rethymno op 6th"]
[Site "Rethymno"]
[Date "2014.07.18"]
[Round "8"]
[White "Altukhov, Yriu"]
[Black "Sergienko, Sergey"]
[Result "0-1"]
[WhiteElo "2012"]
[BlackElo "2390"]
[PlyCount "98"]
[EventDate "2014.07.12"]
[EventType "swiss"]
[EventRounds "9"]
[EventCountry "GRE"]
[SourceTitle "CBM 161 Extra"]
[Source "ChessBase"]
[SourceDate "2014.08.29"]
[SourceVersion "1"]
[SourceVersionDate "2014.08.29"]
[SourceQuality "1"]

1. d4 Nf6 2. c4 Nc6 3. Nf3 e6 4. g3 Bb4+ 5. Bd2 Qe7 6. Bg2 Bxd2+ 7. Nbxd2 d6 8. 0-0 a5 9. Rb1 e5 10. d5 Nb8 11. e4 0-0 12. Ne1 Na6 13. Nd3 Nd7 14. a3 Nac5 15. Nxc5 Nxc5 16. b4 Na6 17. Qb3 axb4 18. axb4 c5 19. dxc6 bxc6 20. Qc3 c5 21. b5 Nc7 22. Ra1 Rb8 23. Ra4 Ne6 24. Nb3 h6 25. Rfa1 Bb7 26. Ra7 Qd8 27. Qa5 Qf6 28. Qd2 Rfd8 29. h3 Qg6 30. Qe3 Re8 31. Re1 Nd4 32. Qd3 Qe6 33. Kh2 Rec8 34. Nd2 Rc7 35. Ra3 Re7 36. Nb1 Rf8 37. Nc3 Qc8 38. Nd5 Bxd5 39. exd5 f5 40. Ra6 Qd8 41. Rea1 e4 42. Qb1 e3 43. fxe3 Rxe3 44. Qf1 f4 45. g4 Qh4 46. Ra8 Qg3+ 47. Kh1 Rxa8 48. Rxa8+ Kf7 49. Ra1 Re2 0-1

[Event "Rethymno op 6th"]
[Site "Rethymno"]
[Date "2014.07.13"]
[Round "2"]
[White "Altukhov, Yriu"]
[Black "Goumas, Georgios"]
[Result "0-1"]
[WhiteElo "2012"]
[BlackElo "2371"]
[PlyCount "90"]
[EventDate "2014.07.12"]
[EventType "swiss"]
[EventRounds "9"]
[EventCountry "GRE"]
[SourceTitle "CBM 161 Extra"]
[Source "ChessBase"]
[SourceDate "2014.08.29"]
[SourceVersion "1"]
[SourceVersionDate "2014.08.29"]
[SourceQuality "1"]

1. d4 Nf6 2. c4 e6 3. Nf3 Bb4+ 4. Bd2 a5 5. Nc3 d6 6. e3 0-0 7. a3 Bxc3 8. Bxc3 Ne4 9. Qc2 Nxc3 10. Qxc3 Qe7 11. Be2 Nd7 12. 0-0 a4 13. Rac1 b6 14. Nd2 Bb7 15. Bf3 Bxf3 16. Nxf3 f5 17. Rfe1 Nf6 18. Nd2 Ne4 19. Qc2 Qh4 20. Nf1 Qf6 21. f3 Ng5 22. Re2 Ra5 23. Rd1 e5 24. dxe5 dxe5 25. Red2 Ne6 26. Rd5 Nc5 27. Qc3 Re8 28. Ng3 Qe6 29. Rd8 Ra8 30. Rxa8 Rxa8 31. Rd5 Re8 32. e4 f4 33. Ne2 g5 34. Nc1 c6 35. Rd1 g4 36. fxg4 Nxe4 37. Qd3 Qxg4 38. Re1 Nc5 39. Qf3 Qxf3 40. gxf3 Kf7 41. Na2 Nd3 42. Re2 Ke6 43. Nc3 Nc5 44. Rg2 Rd8 45. Kf1 Rd3 0-1

[Event "Paleochora op 3rd"]
[Site "Paleochora"]
[Date "2010.07.22"]
[Round "2"]
[White "Altukhov, Yriu"]
[Black "Lagno, Kateryna"]
[Result "0-1"]
[WhiteElo "2066"]
[BlackElo "2535"]
[PlyCount "74"]
[EventDate "2010.07.22"]
[EventType "swiss"]
[EventRounds "9"]
[EventCountry "GRE"]
[SourceTitle "CBM 137 Extra"]
[Source "ChessBase"]
[SourceDate "2010.09.01"]
[SourceVersion "1"]
[SourceVersionDate "2010.09.01"]
[SourceQuality "1"]

1. c4 Nf6 2. Nc3 g6 3. g3 d5 4. cxd5 Nxd5 5. Bg2 Nb6 6. Nf3 Bg7 7. d4 Nc6 8. e3 0-0 9. 0-0 Re8 10. b3 e5 11. dxe5 Nxe5 12. Nxe5 Bxe5 13. Bb2 Qe7 14. Qe2 c6 15. Rfe1 a5 16. Rac1 a4 17. Ne4 Nd5 18. Bxe5 Qxe5 19. Nc5 axb3 20. axb3 Nc7 21. b4 Ra3 22. Qc4 Nb5 23. f4 Qb2 24. Rc2 Qg7 25. e4 Nd6 26. Qe2 Qd4+ 27. Qf2 Qxb4 28. Rb2 Qa5 29. e5 Qa7 30. Rc1 Nb5 31. Ne4 Rd8 32. Qxa7 Rxa7 33. Nf6+ Kg7 34. Kf2 h5 35. h3 Ra3 36. g4 Nc3 37. Bf3 Rd3 0-1